| 000 | 00961nam a2200277 i 4500 | ||
|---|---|---|---|
| 003 | EG-ScBUE | ||
| 005 | 20231001110543.0 | ||
| 008 | 110620s1989 ua f b 00010 dara d | ||
| 017 | _a89 / 8094 | ||
| 020 | _a9771471430 | ||
| 040 |
_aEG-ScBUE _bara _erda _cEG-ScBUE _dEG-ScBUE |
||
| 082 | 0 | 4 |
_a909.097671 _bم ؤ ن _222 |
| 100 | 1 |
_aمؤنس، حسين، _eمؤلف. _926246 |
|
| 245 | 1 | 0 |
_aعالم الإسلام / _cالدكتور حسين مؤنس. |
| 264 | 1 |
_aالقاهرة : _bالزهراء للإعلام العربي، _c1989. |
|
| 300 |
_a525 صفحة ؛ _c24 سم |
||
| 336 |
_2rdacontent _aنص _btxt |
||
| 337 |
_2rdamedia _aبدون وسيط _bn |
||
| 338 |
_2rdacarrier _aمجلد _bnc |
||
| 504 | _aيشتمل على إرجاعات ببليوجرافية وكشافات. | ||
| 650 | 7 |
_aالتاريخ الإسلامي. _2BUEsh _916244 |
|
| 651 | _2BUEsh | ||
| 653 |
_bGGEN _cApril2012 _cFebruary2018 |
||
| 655 | _vReading book | ||
| 942 | _2ddc | ||
| 999 |
_c15642 _d15642 |
||